FOOD PRODUCTION THEORY (Record no. 8129)

MARC details
000 -LEADER
fixed length control field 00335nam a22001457a 4500
020 ## - INTERNATIONAL STANDARD BOOK NUMBER
International Standard Book Number 978-81-8204-087-8
082 ## - DEWEY DECIMAL CLASSIFICATION NUMBER
Classification number 641
Item number MAN
100 ## - MAIN ENTRY--PERSONAL NAME
Personal name MANGAL, RAKESH
245 ## - TITLE STATEMENT
Title FOOD PRODUCTION THEORY
260 ## - PUBLICATION, DISTRIBUTION, ETC. (IMPRINT)
Place of publication, distribution, etc DELHI
Name of publisher, distributor, etc AMAN PUBLISHER
Year of Publication 2015
300 ## - PAGE DESCRIPTION
No. of Pages 412
650 ## - SUBJECT ADDED ENTRY--TOPICAL TERM
Topical term or geographic name as entry element FOOD PRODUCTION
653 ## - KEYWORDS--INDEX TERM
Keyword term FOOD, PRODUCTION
942 ## - ADDED ENTRY ELEMENTS (KOHA)
Source of classification or shelving scheme Dewey Decimal Classification
Koha item type Books

No items available.